| 000 | 00481nam a2200133Ia 4500 | ||
|---|---|---|---|
| 008 | 170221s9999 xx 000 0 und d | ||
| 100 | _aLanning Bryer | ||
| 245 | _aShared Branding: Associated Use of Trademarks and Trade Dress Through Shared Retail Space | ||
| 245 | _cLanning Bryer, Scott Lebson, and Francesca Montalvo | ||
| 260 | _c2013 | ||
| 300 | _a2 : 1 | ||
| 650 | _xBusiness | ||
| 856 | _uhttp://digitalcommons.pepperdine.edu/cgi/viewcontent.cgi?article=1111&context=jbel | ||
| 999 |
_c311623 _d311623 |
||